<?xml version="1.0" encoding="UTF-8"?>
<record
    xmlns:xsi="http://www.w3.org/2001/XMLSchema-instance"
    xsi:schemaLocation="http://www.loc.gov/MARC21/slim http://www.loc.gov/standards/marcxml/schema/MARC21slim.xsd"
    xmlns="http://www.loc.gov/MARC21/slim">

  <leader>01656nam a22001817a 4500</leader>
  <controlfield tag="008">140403b        xxu||||| |||| 00| 0 eng d</controlfield>
  <datafield tag="020" ind1=" " ind2=" ">
    <subfield code="a">9789988626822</subfield>
  </datafield>
  <datafield tag="050" ind1=" " ind2=" ">
    <subfield code="a">HC1060.A9</subfield>
  </datafield>
  <datafield tag="100" ind1=" " ind2=" ">
    <subfield code="a">Aryeetey, Ernest.</subfield>
  </datafield>
  <datafield tag="245" ind1=" " ind2=" ">
    <subfield code="a">The economy of Ghana: analytical perspectives on stability, growth and poverty. /</subfield>
    <subfield code="c">Ernest Aryeetey</subfield>
  </datafield>
  <datafield tag="260" ind1=" " ind2=" ">
    <subfield code="a">Ghana:</subfield>
    <subfield code="b">Woeli Publishing Service,</subfield>
    <subfield code="c">2008.</subfield>
  </datafield>
  <datafield tag="300" ind1=" " ind2=" ">
    <subfield code="a">viii, 416 p.:</subfield>
    <subfield code="b">ill.;</subfield>
    <subfield code="c">23cm.</subfield>
  </datafield>
  <datafield tag="500" ind1=" " ind2=" ">
    <subfield code="a">Includes index.</subfield>
  </datafield>
  <datafield tag="505" ind1=" " ind2=" ">
    <subfield code="a">Contents: Ghana's economy at half century: an overview of stability, growth and poverty -- What drives change in Ghana? -- Ghana's post-independence economic growth 1960-2000 -- Persistent public sector  deficits &amp; macroeconomic instability in Ghana -- Effects of exchange-rate volatility &amp; changes in macroeconomic fundamentals on economic growth in Ghana -- Ghana's exchange-rate reform &amp; its impact on balance of trade -- Export performance &amp; investment behaviour of firms in Ghana -- Household savings in Ghana: does policy matter? -- Banking competition &amp; efficiency in Ghana -- Rural &amp; microfinance regulation in Ghana: implications for development of the industry -- Ghana census-based poverty map: district &amp; sub-district level results -- Budget implementation &amp; Poverty reduction in Ghana -- Does inflation in Ghana hit the poor harder? -- Understanding poverty in Ghana: risk &amp; vulnerability -- Decentralization &amp; poverty reduction -- Technical efficiency in Ghanaian secondary education -- Maternal literacy &amp; numeracy skills &amp; child health in Ghana -- Health-care provision &amp; self-medication in Ghana.</subfield>
  </datafield>
  <datafield tag="650" ind1=" " ind2=" ">
    <subfield code="a">Economics.</subfield>
  </datafield>
  <datafield tag="700" ind1=" " ind2=" ">
    <subfield code="a">Kanbur, Ravi.</subfield>
  </datafield>
  <datafield tag="942" ind1=" " ind2=" ">
    <subfield code="2">lcc</subfield>
    <subfield code="c">BK</subfield>
  </datafield>
  <datafield tag="999" ind1=" " ind2=" ">
    <subfield code="c">2799</subfield>
    <subfield code="d">10299</subfield>
  </datafield>
  <datafield tag="952" ind1=" " ind2=" ">
    <subfield code="0">0</subfield>
    <subfield code="1">0</subfield>
    <subfield code="2">lcc</subfield>
    <subfield code="4">0</subfield>
    <subfield code="7">0</subfield>
    <subfield code="a">WIUC-1</subfield>
    <subfield code="b">WIUC-1</subfield>
    <subfield code="c">REF</subfield>
    <subfield code="d">2014-04-03</subfield>
    <subfield code="l">0</subfield>
    <subfield code="o">HC1060.A9</subfield>
    <subfield code="p">6673/12</subfield>
    <subfield code="r">2014-04-03 00:00:00</subfield>
    <subfield code="t">1</subfield>
    <subfield code="w">2014-04-03</subfield>
    <subfield code="y">BK</subfield>
  </datafield>
  <datafield tag="952" ind1=" " ind2=" ">
    <subfield code="0">0</subfield>
    <subfield code="1">0</subfield>
    <subfield code="2">lcc</subfield>
    <subfield code="4">0</subfield>
    <subfield code="7">0</subfield>
    <subfield code="a">WIUC-1</subfield>
    <subfield code="b">WIUC-1</subfield>
    <subfield code="c">REF</subfield>
    <subfield code="d">2014-04-03</subfield>
    <subfield code="l">0</subfield>
    <subfield code="o">HC1060.A91</subfield>
    <subfield code="p">6674/12</subfield>
    <subfield code="r">2014-04-03 00:00:00</subfield>
    <subfield code="t">2</subfield>
    <subfield code="w">2014-04-03</subfield>
    <subfield code="y">BK</subfield>
  </datafield>
  <datafield tag="952" ind1=" " ind2=" ">
    <subfield code="0">0</subfield>
    <subfield code="1">0</subfield>
    <subfield code="2">lcc</subfield>
    <subfield code="4">0</subfield>
    <subfield code="7">0</subfield>
    <subfield code="a">WIUC-1</subfield>
    <subfield code="b">WIUC-1</subfield>
    <subfield code="c">REF</subfield>
    <subfield code="d">2014-04-03</subfield>
    <subfield code="l">0</subfield>
    <subfield code="o">HC1060.A92</subfield>
    <subfield code="p">6675/12</subfield>
    <subfield code="r">2014-04-03 00:00:00</subfield>
    <subfield code="t">3</subfield>
    <subfield code="w">2014-04-03</subfield>
    <subfield code="y">BK</subfield>
  </datafield>
</record>
